000 00749nam a2200217 4500
001 127578
003 ES-MaACL
005 20250902222335.0
007 t|
008 070214e1935 sp r ||||1| spa d
100 1 _aRittershausen, Heinrich
_9241158
_eaut
245 1 0 _aParo forzoso y capital /
_cHeinrich Rittershausen ; traducción directa del alemán y revisión por Rafael Luengo Tapia y Nicolás Floristán.
260 _aBarcelona :
_bLabor,
_c1935.
300 _aXIX, 291 páginas ;
_c23 x 15 cm.
650 7 _aParo
_2embne
_915844
700 1 _aLuengo Tapia, Rafael
_974639
_etrl
700 1 _aFloristán, Nicolás
_951341
_etrl
852 _aES-MaACL
_cSPP1
_jA-3304
942 _2udc
_cMONOGRAFIA
_n0
999 _c127578
_d127578